000 01004cam a2200205 4500
001 X121727
008 030325n2003 000 0 eng u
035 _a(Sirsi) u121727
245 _aWhat are the hazards?
260 _c2003
490 _aEssential FM Report
_v February 2003, 5-6(2)
520 _aConsiders best practice in the provision of hazard management. Includes the variety of problems that should be assessed including weather impacts and loss of communications. Mentions other external threats such as terrorism and PR disasters. Argues that vulnerability to threats is affected by company size, location and neighbouring businesses. With a table of a hazard matrix which considers the main factors for a hazard assessment.
650 _aHAZARD INDENTIFICATION
650 _aMANAGEMENT-RICS PRESIDENT'S COMMISSION ON MAJOR DISASTER MANAGMENT
650 _aTERRORISM
650 _aCOMMUNICATIONS
650 _aCOMPANY SIZE
690 _aMANAGEMENT-BUSINESS MANAGEMENT
942 _n0
999 _c72343
_d72343